000 00479 a2200169 4500
003 OSt
005 20231229101418.0
008 231229b |||||||| |||| 00| 0 eng d
020 _a9788170552130
040 _coclc
082 _a891.433
_bSIN/N
100 _aSingh, Namita
_910179
245 _aNEELGAY KI AANKHEN /
_cNamitha Singh
260 _aNew Delhi:
_bVani Prakashan,
_c2021.
300 _a162p
942 _2ddc
_cBK
_h891.433
_iSIN/N
_k891.433
_mSIN/N
999 _c43605
_d43605